000 00339nam a22001453 4500
001 206610
005 20250425125025.0
090 _a206610
100 _a20250425 ukry50
101 _aukr
102 _aUA
200 _a
210 _d2025
801 _2unimarc
_aUA
_gpsbo
942 _cNEWSPAPER